000 00531nam a2200205Ia 4500
005 20250508164714.0
008 008 250505s9999 xx 000 0 hin d
037 _aTextual
040 _aFEDL
_beng
_cFEDL
041 _ahin
_2hin
084 _a523.8, MUL
_qFEDL
100 _aMule Gunakar
_9395520
245 0 _aNakshatra lok
260 _aNew Delhi, India
_bRajkamal Prakashan
_c1975
300 _a100p.
365 _aINR
_b45
546 _aMACESE
942 _cTEXL
_h523.8, MUL
999 _c1390669
_d1390669